Doprava a jej kľúčové postavenie v podnikových logistických procesoch diplomová práca

Gespeichert in:
Bibliographische Detailangaben
1. Verfasser: Šatara, Michal
Körperschaft: Fakulta podnikového manažmentu EU. Katedra manažmentu výroby a logistiky - zrušená
Weitere Verfasser: Stern, Juraj
Format: Buch
Sprache:Slowakisch
Veröffentlicht: Bratislava 2016
Tags: Tag hinzufügen
Keine Tags, Fügen Sie das erste Tag hinzu!

MARC

LEADER 00000nbm a2200000 4500
001 0218521
005 20161108085823.7
041 0 |a slo 
044 |a SK 
245 1 0 |a Doprava a jej kľúčové postavenie v podnikových logistických procesoch  |b diplomová práca  |c Michal Šatara ; školiteľ: Juraj Stern 
264 1 |a Bratislava  |c 2016 
300 |a 77 s. 
100 1 |a Šatara, Michal 
700 1 |a Stern, Juraj 
710 2 |a Fakulta podnikového manažmentu EU. Katedra manažmentu výroby a logistiky - zrušená